| 000 | 00655nam a22002055a 4500 | ||
|---|---|---|---|
| 005 | 20170112103835.0 | ||
| 008 | 170112t2008 ii a frb 00100 0 dg d | ||
| 020 | _a9788189866730 | ||
| 040 |
_aEG-ScBUE _beng _cEG-ScBUE _dEG-ScBUE |
||
| 082 | 0 | 4 |
_222 _a006.6 _bBHA |
| 100 | 1 | _aBhatia, Pradeep K. | |
| 245 | 1 | 0 |
_aComputer graphics / _cPradeep K. Bhatia. |
| 260 |
_aNew Delhi : _bI. K. International Publishing House Pvt. Ltd., _cc.2008. |
||
| 300 |
_a392 p. : _bill. ; _c24 cm. |
||
| 500 | _aIndex : p. 387-392. | ||
| 504 | _aBibliography : p. [383]-386. | ||
| 650 | 7 |
_2BUEsh _93615 _aComputer graphics. |
|
| 653 |
_bCOMSCI _cJanuary2017 |
||
| 942 | _2ddc | ||
| 999 |
_c23900 _d23872 |
||